| 000 | 00425nam a2200157Ia 4500 | ||
|---|---|---|---|
| 003 | Ost | ||
| 005 | 20260225132600.0 | ||
| 008 | 260225s9999||||xx |||||||||||||| ||und|| | ||
| 040 | _cfsic | ||
| 041 | _afre | ||
| 082 | _a70.4 | ||
| 100 |
_aANNE - SOPHIE CHONé _eAuteur |
||
| 245 | 0 | _aLES ABUS DE DOMINATION : | |
| 245 | 0 |
_bESSAI EN DROIT DES CONTRATS ET EN DROIT DE LA CONCURRENCE / _cANNE - SOPHIE CHONé |
|
| 942 | _cكتاب | ||
| 999 |
_c34680 _d34680 |
||